Statistics for Kpop Artist by Song Quiz #3

Click here to take the quiz!

General Stats

  • This quiz has been taken 283 times
  • The average score is 7 of 20

Answer Stats

SongArtist% Correct
Save MeBTS
94%
RookieRed Velvet
90%
Dancing KingEXO
70%
HushMiss A
69%
Red LightF(x)
64%
ToyBlock B
58%
ExpectationGirls Day
45%
FanfareSF9
43%
StuckMonsta X
40%
Without YouNCT U
31%
Promise (I'll Be)2PM
29%
Get The TreasureSHINee
28%
Heartbreak HotelTiffany
22%
Fri. Sat. Sun.DalShabet
11%
Can't Help MyselfEric Nam
11%
DemonstrateRania
8%
InsaneAilee
7%
Better Day100%
6%
DealGirls Girls
2%
NoljaBlack Queen
1%

Score Distribution

Percentile by Number Answered

Percent of People with Each Score

Your Score History

You have not taken this quiz